Worker capitalism : The new industrial relations

Gespeichert in:
Bibliographische Detailangaben
1. Verfasser: Bradley, Keith
Format: Buch
Sprache:Undetermined
Veröffentlicht: London Heinemann Educational Books 1983
Schlagworte:
Tags: Tag hinzufügen
Keine Tags, Fügen Sie den ersten Tag hinzu!
Thư viện lưu trữ: Trung tâm Học liệu Trường Đại học Cần Thơ
LEADER 00535nam a2200193Ia 4500
001 CTU_82355
008 210402s9999 xx 000 0 und d
082 |a 658.3 
082 |b B811 
100 |a Bradley, Keith 
245 0 |a Worker capitalism : 
245 4 |b The new industrial relations 
245 0 |c Keith Bradley, Alan Gelb 
260 |a London 
260 |b Heinemann Educational Books 
260 |c 1983 
650 |a Industrial relations 
904 |i Trọng Hải 
980 |a Trung tâm Học liệu Trường Đại học Cần Thơ